Statistics for Italian Cuisine by Photo

Click here to take the quiz!

General Stats

  • This quiz has been taken 106 times
  • The average score is 14 of 24

Answer Stats

Answer% Correct
Pizza Margherita
99%
Carbonara
94%
Pesto Pasta
88%
Lasagna Bolognese
87%
Tiramisu
85%
Risotto Milanese
80%
Cheese Gnocchi
74%
Prosciutto
74%
Tortellini
69%
Gelato
68%
Parmigiano
66%
Cappuccino
64%
Caprese Salad
64%
Focaccia
60%
Sicilian Cannoli
55%
Mortadella
49%
White Truffle
47%
Bruschetta
45%
Fiorentina Steak
40%
Aperol Spritz
28%
Arancino
24%
Melanzane alla Parmigiana
20%
Amatriciana
19%
Gianduiotto
16%

Score Distribution

Percentile by Number Answered

Percent of People with Each Score

Your Score History

You have not taken this quiz